000 00511nam a22001697a 4500
003 SGT
020 _a9788121909099
082 _a530,ARO
100 _aARORA,C.L
245 _aB.SC PRACTICAL PHYSICS
250 _a19TH
260 _aNEW DELHI
_bS. CHAND
_c2014
300 _a693
650 _aPHYSICS
653 _aMECHANICS AND PROPERTIES OF MATTER, OPTICS, SOUND, MAGNETISM, ELECTRICITY,ATOMIC MOLECULAR AND NUCLEAR PHYSICS, SOLID STATE PHYSICS AND ELECTRONICS, ADDITIONAL EXPERIMENTS
942 _2ddc
_cFPS
_05
999 _c9323
_d9323